Normal view
MARC view
Entry Topical Term
001 - CONTROL NUMBER
- control field: 46927
003 - CONTROL NUMBER IDENTIFIER
- control field: ARRUPE
005 - DATE AND TIME OF LATEST TRANSACTION
- control field: 20190711150617.0
008 - FIXED-LENGTH DATA ELEMENTS
- fixed length control field: 190711|| aca||aabn | a|a d
040 ## - CATALOGING SOURCE
- Original cataloging agency: ARRUPE
- Transcribing agency: ARRUPE
150 ## - HEADING--TOPICAL TERM
- Topical term or geographic name as entry element: Cost and standard of living
- General subdivision: Longitudinal studies
- Geographic subdivision: United States
670 ## - SOURCE DATA FOUND
- Source citation: Work cat.: (ARRUPE)92377: Pope John Paul II 46926, Centesimus Annus-A New Socio-Economic order after the collapse of Marxism, 1984